000 005080000a22001810004500
003 LK-CoMWRAF
005 20231002152803.0
008 230817t ||||| |||| 00| 0 eng d
040 _aLK-CoMWRAF
_dLK-CoMWRAF
_eLK-CoMWRAF
041 _aeng
082 _a297.6
_bAMI
100 _aAmin, A.R.A. Noor
245 _aMuslim Leaders of Sri Lanka :
_bA.M.A.Azeez
260 _aColombo 09 (Sri Lanka) :
_bBureau of publications,
_c1978
300 _a19p
650 _aMuslim--Leaders--A. M. A. Azeez
942 _cBK
999 _c1375
_d1375